[Event "Ct. Catalunya eq DH"]
[Site "?"]
[Date "2013.04.06"]
[Round "10.5"]
[White "Camacho Collados, J."]
[Black "Maroto Borras, JL."]
[Result "1-0"]
[WhiteElo "2345"]
[BlackElo "2226"]
[PlyCount "57"]
[EventDate "2013.??.??"]
[EventType "tourn"]
[EventRounds "11"]

1. Nf3 e6 2. c4 b6 3. g3 Bb7 4. Bg2 Nf6 5. O-O Be7 6. Nc3 O-O 7. Re1 d5 8. cxd5
exd5 9. d4 Ne4 10. Ne5 Nd7 11. Nxe4 dxe4 12. Qc2 c5 13. Bxe4 Bxe4 14. Qxe4 Nf6
15. Qb7 Qd6 16. Bf4 Rab8 17. Qf3 Qe6 18. Nc6 Rbe8 19. Nxe7+ Rxe7 20. dxc5 bxc5
21. Bg5 Rd7 22. Bxf6 gxf6 23. Rac1 c4 24. Qf4 Rc8 25. Rc2 Rdc7 26. Rec1 Rc6 27.
Kg2 Qd5+ 28. Qf3 Qa5 29. Qg4+ 1-0

[Event "Ct. Catalunya eq DH"]
[Site "?"]
[Date "2013.04.06"]
[Round "10.5"]
[White "Castellano Egea, E."]
[Black "Bofill Mas, A."]
[Result "1-0"]
[WhiteElo "2296"]
[BlackElo "2417"]
[PlyCount "75"]
[EventDate "2013.??.??"]
[EventType "tourn"]
[EventRounds "11"]

1. e4 c5 2. Nf3 e6 3. d4 cxd4 4. Nxd4 Nf6 5. Nc3 d6 6. g3 a6 7. Bg2 Qc7 8. O-O
Bd7 9. a4 Nc6 10. Nb3 b6 11. f4 Rb8 12. Qe2 Bc8 13. Be3 Be7 14. Rae1 O-O 15. g4
Re8 16. g5 Nd7 17. Rf3 Nb4 18. Rh3 Nf8 19. Rf1 g6 20. Qf2 f5 21. exf5 gxf5 22.
Nd4 Bb7 23. Qh4 Bd8 24. Qh5 Ng6 25. Rf2 Bxg2 26. Rxg2 Qf7 27. Nf3 Rb7 28. Nh4
Rbe7 29. Nxg6 Qxg6 30. Qf3 Rg7 31. Rh6 Qf7 32. h4 Qb7 33. Qh5 Ree7 34. g6 hxg6
35. Rh8+ Kf7 36. Qh6 Qf3 37. Kh2 Bc7 38. Rxg6 1-0

[Event "Ct. Catalunya eq DH"]
[Site "?"]
[Date "2013.04.06"]
[Round "10.5"]
[White "Escandell Mari, JC."]
[Black "Asis Gargatagli, H."]
[Result "1/2-1/2"]
[WhiteElo "2366"]
[BlackElo "2513"]
[PlyCount "57"]
[EventDate "2013.??.??"]
[EventType "tourn"]
[EventRounds "11"]

1. e4 e5 2. Nf3 Nc6 3. Bb5 a6 4. Ba4 Nf6 5. d3 b5 6. Bb3 Be7 7. O-O O-O 8. a4
b4 9. Nbd2 d6 10. c3 Rb8 11. h3 Na5 12. Ba2 c5 13. Nc4 Nc6 14. Ne3 Be6 15. Bc4
bxc3 16. bxc3 d5 17. exd5 Nxd5 18. Nxd5 Bxd5 19. Bxa6 Qa5 20. Bb5 Rxb5 21. axb5
Qxa1 22. bxc6 Qxc3 23. Bd2 Qxd3 24. Nxe5 Qe4 25. Nf3 Qg6 26. c7 Qb6 27. Bf4 Be6
28. Qc2 h6 29. Rb1 1/2-1/2

[Event "Ct. Catalunya eq DH"]
[Site "?"]
[Date "2013.04.06"]
[Round "10.5"]
[White "Garcia Paolicchi, R."]
[Black "Borras Duran, P."]
[Result "1/2-1/2"]
[WhiteElo "2271"]
[BlackElo "2325"]
[PlyCount "63"]
[EventDate "2013.??.??"]
[EventType "tourn"]
[EventRounds "11"]

1. d4 g6 2. c4 Bg7 3. Nf3 d6 4. g3 Nd7 5. Bg2 e5 6. Nc3 Ne7 7. O-O O-O 8. dxe5
dxe5 9. Qc2 c6 10. Rd1 Qc7 11. b3 Rd8 $16 12. Bb2 Nf8 13. Rxd8 Qxd8 14. Rd1 Qe8
15. Qd2 (15. Ne4 $142) 15... f5 $2 16. Na4 (16. e4 $18) 16... e4 17. Bxg7 Kxg7
18. Ng5 $14 h6 19. Nh3 b6 20. f3 exf3 21. exf3 Be6 22. Qd4+ Kf7 $6 23. Nf4 $16
c5 $2 24. Qh8 Rd8 25. Re1 $2 $11 (25. Nd3 Nc6 26. f4 Rxd3 $18) 25... Qd7 26.
Nxe6 Nxe6 27. Qxh6 Qd4+ 28. Qe3 f4 29. Qxd4 Rxd4 30. Nc3 Nf5 31. Bh3 Ng5 32.
Bg4 1/2-1/2

[Event "Ct. Catalunya eq DH"]
[Site "?"]
[Date "2013.04.06"]
[Round "10.5"]
[White "Grafl, F."]
[Black "Serra Pages, J."]
[Result "1-0"]
[WhiteElo "2416"]
[BlackElo "2284"]
[PlyCount "55"]
[EventDate "2013.??.??"]
[EventType "tourn"]
[EventRounds "11"]

1. f4 d5 2. Nf3 Nf6 3. g3 g6 4. Bg2 Bg7 5. O-O O-O 6. d3 c6 7. h3 Nbd7 8. g4
Ne8 9. e4 dxe4 10. dxe4 Qb6+ 11. Kh1 Bxb2 12. Bxb2 Qxb2 13. Nbd2 Nc5 14. Qe1 b6
15. e5 Ba6 16. Rg1 Rd8 17. Nb3 Bc4 18. Nxc5 bxc5 19. Rb1 Qxc2 20. Rb7 e6 21. f5
exf5 22. gxf5 Ng7 23. e6 fxe6 24. fxe6 Nxe6 25. Qh4 g5 26. Nxg5 Nxg5 27. Qxg5+
Qg6 28. Be4 1-0

[Event "Ct. Catalunya eq DH"]
[Site "?"]
[Date "2013.04.06"]
[Round "10.5"]
[White "Perpinya Rofes, LM."]
[Black "Garrido Fernandez, D."]
[Result "1-0"]
[WhiteElo "2439"]
[BlackElo "2370"]
[PlyCount "119"]
[EventDate "2013.??.??"]
[EventType "tourn"]
[EventRounds "11"]

1. e4 c5 2. Nf3 Nc6 3. d4 cxd4 4. Nxd4 g6 5. Nc3 Bg7 6. Be3 Nf6 7. Bc4 O-O 8.
Bb3 a5 9. O-O d6 10. Ndb5 Ng4 11. Bg5 a4 12. Nxa4 Ra5 13. c4 Nd4 14. Nac3 Nxb5
15. cxb5 Bxc3 16. bxc3 Rxb5 17. Qd2 Be6 18. h3 Bxb3 19. axb3 Ne5 20. f4 Nc6 21.
f5 f6 22. Qe2 Ra5 23. Bh6 Re8 24. Rxa5 Qxa5 25. Qc4+ Kh8 26. Qf7 Rg8 27. b4 Qe5
28. Qc4 gxf5 29. exf5 Qg3 30. Rf2 Ne5 31. Qd5 Qxc3 32. Qxb7 Nd3 33. Re2 Qd4+
34. Kh2 Qh4 35. Qe4 Qg3+ 36. Kg1 Qxh3 37. Bg7+ Rxg7 38. Qa8+ Rg8 39. Qxg8+ Kxg8
40. gxh3 Nxb4 41. Rxe7 Nd5 42. Re4 Kf7 43. Kf2 Ne7 44. Rf4 d5 45. Ke3 Nc6 46.
Ra4 Ke7 47. Rh4 Kd6 48. Kf4 Nd4 49. Rh6 Ne2+ 50. Ke3 Ng3 51. Kf4 Ne2+ 52. Kg4
d4 53. Rxf6+ Kc5 54. Kf3 Ng1+ 55. Kg2 d3 56. Rf8 Ne2 57. Kf2 Nf4 58. Rd8 Nd5
59. Ke1 Kc4 60. Kd2 1-0

[Event "Ct. Catalunya eq DH"]
[Site "?"]
[Date "2013.04.06"]
[Round "10.6"]
[White "Colls Gelaberto, E."]
[Black "Perez Mañas, B."]
[Result "0-1"]
[WhiteElo "2381"]
[BlackElo "2249"]
[PlyCount "56"]
[EventDate "2013.??.??"]
[EventType "tourn"]
[EventRounds "11"]

1. d4 f5 2. g3 Nf6 3. Bg2 d6 4. Nf3 g6 5. O-O Bg7 6. b3 O-O 7. Bb2 a5 8. c4 Qe8
9. Qc2 Nc6 10. Nc3 e5 11. dxe5 dxe5 12. Nd5 e4 13. Nxc7 Qd8 14. Nxa8 exf3 15.
Rad1 fxg2 16. Kxg2 Bd7 17. c5 Qe7 18. Nb6 Nb4 19. Qc4+ Be6 20. Qb5 Nc6 21. Rd3
Ne4 22. Bxg7 Qxg7 23. Re3 Qd4 24. Qd3 Qxc5 25. Na4 Qb4 26. f3 Rd8 27. Qc2 Rd2
28. Qc1 Qd4 0-1

[Event "Ct. Catalunya eq DH"]
[Site "?"]
[Date "2013.04.06"]
[Round "10.6"]
[White "Draghici Flutor, G."]
[Black "Martinez Ramirez, E."]
[Result "0-1"]
[WhiteElo "2207"]
[BlackElo "2373"]
[PlyCount "146"]
[EventDate "2013.??.??"]
[EventType "tourn"]
[EventRounds "11"]

1. e4 c5 2. Nf3 g6 3. c3 Bg7 4. d4 cxd4 5. cxd4 d5 6. e5 Bg4 7. Nbd2 Nc6 8. h3
Bxf3 9. Nxf3 e6 10. Bg5 Qa5+ 11. Bd2 Qb6 12. Bc3 f6 13. Qa4 Nge7 14. b4 fxe5
15. Nxe5 Bxe5 16. dxe5 O-O 17. Qc2 d4 18. Bd2 Nxb4 19. Qb3 Nbd5 20. Bc4 Qxb3
21. Bxb3 Rf5 22. f4 Nxf4 23. Bxf4 Rxf4 24. Bxe6+ Kg7 25. O-O-O Nc6 26. g3 Rf2
27. Bb3 Rd8 28. e6 Na5 29. Ba4 Kf6 30. Bd7 Ke7 31. Rhf1 Rxf1 32. Rxf1 Rf8 33.
Rd1 Nc6 34. Bxc6 Rc8 35. Rxd4 Rxc6+ 36. Kb2 Rxe6 37. Rd3 h5 38. Rc3 Kd7 39.
Rd3+ Rd6 40. Rf3 a6 41. Rf7+ Kc6 42. Kc2 b5 43. Rf8 Kc5 44. Rf4 a5 45. h4 Rd4
46. Rf6 Rg4 47. Rf3 a4 48. a3 Kd5 49. Kd2 Ke5 50. Re3+ Re4 51. Rf3 b4 52. axb4
Rxb4 53. Kc2 Rb3 54. Rf4 Rxg3 55. Rxa4 Rg4 56. Ra5+ Kf4 57. Ra6 Kg3 58. Kd2
Kxh4 59. Ke2 g5 60. Kf2 Rb4 61. Ra2 g4 62. Kg2 g3 63. Rc2 Kg4 64. Rc8 Rb2+ 65.
Kg1 h4 66. Rc4+ Kh3 67. Rc1 Rb4 68. Ra1 Kg4 69. Rc1 h3 70. Ra1 Rd4 71. Rb1 Rd3
72. Ra1 Kf3 73. Rf1+ Ke2 0-1

[Event "Ct. Catalunya eq DH"]
[Site "?"]
[Date "2013.04.06"]
[Round "10.6"]
[White "Gutierrez Clares, J."]
[Black "Van Hasselt, F."]
[Result "1/2-1/2"]
[WhiteElo "2321"]
[BlackElo "2248"]
[PlyCount "62"]
[EventDate "2013.??.??"]
[EventType "tourn"]
[EventRounds "11"]

1. d4 d6 2. c4 e5 3. Nf3 e4 4. Ng5 f5 5. g3 Be7 6. Nh3 Nf6 7. Bg2 c6 8. O-O O-O
9. Nc3 Na6 10. f3 exf3 11. exf3 Nc7 12. Re1 Kh8 13. a3 a5 14. Qc2 b5 15. cxb5
cxb5 16. Qb3 Rb8 17. Ng5 d5 18. Bf4 b4 19. a4 Rb7 $6 20. Bxc7 $14 Rxc7 21. Nb5
Rc4 22. Bf1 Ne8 23. Bxc4 $2 (23. f4 Bxg5 24. fxg5 Rc6 25. Re5) 23... dxc4 $11
24. Nf7+ Rxf7 25. Qxc4 Rf8 26. Rxe7 Qxe7 27. Qxc8 Qe3+ 28. Kg2 Qe2+ 29. Kg1
Qe3+ 30. Kg2 Qe2+ 31. Kg1 Qe3+ 1/2-1/2

[Event "Ct. Catalunya eq DH"]
[Site "?"]
[Date "2013.04.06"]
[Round "10.6"]
[White "Llaneza Vega, P."]
[Black "Rahal, M."]
[Result "1/2-1/2"]
[WhiteElo "2320"]
[BlackElo "2433"]
[PlyCount "29"]
[EventDate "2013.??.??"]
[EventType "tourn"]
[EventRounds "11"]

1. e4 e6 2. d4 d5 3. Nc3 Bb4 4. e5 c5 5. Bd2 Ne7 6. a3 Bxc3 7. Bxc3 b6 8. Bb5+
Bd7 9. a4 O-O 10. Nf3 Nf5 11. Bd3 Nh4 12. O-O Nc6 13. Nxh4 Qxh4 14. Bb5 Rac8
15. Bxc6 1/2-1/2

[Event "Ct. Catalunya eq DH"]
[Site "?"]
[Date "2013.04.06"]
[Round "10.6"]
[White "Ramirez Garcia, JA."]
[Black "Bautista Sanchez, J."]
[Result "1/2-1/2"]
[WhiteElo "2309"]
[BlackElo "2294"]
[PlyCount "125"]
[EventDate "2013.??.??"]
[EventType "tourn"]
[EventRounds "11"]

1. e4 c6 2. d4 d5 3. Nc3 dxe4 4. Nxe4 Nd7 5. Ng5 Ngf6 6. Bc4 e6 7. Qe2 Nb6 8.
Bb3 h6 9. N5f3 Qc7 10. Ne5 Bd6 11. Ngf3 c5 12. dxc5 Bxc5 13. O-O O-O 14. Re1 a5
15. c4 a4 16. Bc2 Bb4 17. Rd1 Bd6 18. Bf4 Rd8 19. h3 Ra5 20. Qd2 Rc5 21. Rac1
Be7 22. Qe3 Nbd5 23. cxd5 Rxc2 24. Nc4 Qxc4 25. b3 axb3 26. axb3 Rxc1 27. bxc4
Rxd1+ 28. Kh2 Ra1 29. Bc7 Rd7 30. Be5 Ra6 31. Nd4 exd5 32. Nf5 Re6 33. Qg3 Nh5
34. Qc3 d4 35. Bxd4 Bf6 36. Bxf6 Nxf6 37. Qg3 Ne8 38. Ne3 b6 39. Qb8 Rd8 40.
Nd5 Nf6 41. Qc7 Ree8 42. Nxb6 Be6 43. Qf4 Rb8 44. Qd4 Red8 45. Qe3 Rd6 46. c5
Nd5 47. Qe5 Rdd8 48. g4 Nxb6 49. cxb6 Rxb6 50. g5 hxg5 51. Qxg5 Rbd6 52. h4 Rd5
53. Qg3 Rf5 54. Qe3 g6 55. Kg2 Ra8 56. Qd3 Ra7 57. Qd8+ Kh7 58. f3 Ra3 59. h5
Raxf3 60. Kh2 gxh5 61. Kg2 Rf2+ 62. Kg1 Bd5 63. Qh8+ 1/2-1/2

[Event "Ct. Catalunya eq DH"]
[Site "?"]
[Date "2013.04.06"]
[Round "10.7"]
[White "Espinoza Palomino, W."]
[Black "Almirall Botella, J."]
[Result "1-0"]
[WhiteElo "2290"]
[BlackElo "2156"]
[PlyCount "53"]
[EventDate "2013.??.??"]
[EventType "tourn"]
[EventRounds "11"]

1. e4 Nf6 2. e5 Nd5 3. d4 d6 4. Nf3 Bg4 5. Be2 c6 6. c4 Bxf3 7. gxf3 Nb6 8. f4
e6 9. exd6 N8d7 10. b4 a5 11. c5 Nd5 12. b5 Nxc5 13. dxc5 Qf6 14. bxc6 bxc6 15.
Qb3 Nb4 16. Nc3 Qf5 17. O-O Qxc5 18. a3 Nd5 19. Nxd5 Qxd5 20. Qb7 Rd8 21. Rd1
Qe4 22. d7+ Ke7 23. Be3 Qg6+ 24. Kf1 f6 25. Bb6 Kf7 26. Bxd8 Qe4 27. f3 1-0

[Event "Ct. Catalunya eq DH"]
[Site "?"]
[Date "2013.04.06"]
[Round "10.7"]
[White "Fernandez Cazorla, A."]
[Black "Pardo Simon, D."]
[Result "0-1"]
[WhiteElo "2303"]
[BlackElo "2418"]
[PlyCount "64"]
[EventDate "2013.??.??"]
[EventType "tourn"]
[EventRounds "11"]

1. Nf3 Nf6 2. c4 e6 3. g3 b6 4. Bg2 Bb7 5. O-O Be7 6. Nc3 O-O 7. Re1 d5 8. cxd5
exd5 9. d4 Re8 10. Bf4 c6 11. Ne5 Nbd7 12. e4 dxe4 13. Nxe4 Nd5 14. Bd2 Bf8 15.
Nxf7 Kxf7 16. Qh5+ Kg8 17. Ng5 h6 18. Nf7 Rxe1+ 19. Rxe1 Qf6 20. Bh3 Nc7 21.
Nxh6+ gxh6 22. Bxd7 Rd8 23. Qh3 Qf7 24. Bf5 Bg7 25. Bf4 Rf8 26. g4 Bc8 27. Bd6
Re8 28. Be5 Bxf5 29. gxf5 Kh7 30. f4 Nd5 31. Kf2 Bxe5 32. fxe5 Nf4 0-1

[Event "Ct. Catalunya eq DH"]
[Site "?"]
[Date "2013.04.06"]
[Round "10.7"]
[White "Garcia Jimenez, FJ."]
[Black "Lillo Ferrer, JM."]
[Result "1-0"]
[WhiteElo "2342"]
[BlackElo "2200"]
[PlyCount "65"]
[EventDate "2013.??.??"]
[EventType "tourn"]
[EventRounds "11"]

1. e4 g6 2. Nc3 Bg7 3. g3 d6 4. Bg2 e5 5. Nge2 Nc6 6. O-O Nf6 7. h3 O-O 8. d3
Rb8 9. a4 Be6 10. f4 Qd7 11. Kh2 d5 12. fxe5 Nxe5 13. Bg5 Nh5 14. exd5 Bf5 15.
d4 Nc4 16. b3 Nd6 17. g4 Bxg4 18. hxg4 Qxg4 19. Be7 Bf6 20. Bh3 Qh4 21. Bxf8
Rxf8 22. Qe1 Qg5 23. Qf2 Bg7 24. Nf4 Nf5 25. Nxh5 Qxh5 26. Ne2 Qh6 27. Qf4 Re8
28. Rae1 Qh4 29. Qxh4 Nxh4 30. Ng1 Rxe1 31. Rxe1 Bxd4 32. Kg3 Kf8 33. Nf3 1-0

[Event "Ct. Catalunya eq DH"]
[Site "?"]
[Date "2013.04.06"]
[Round "10.7"]
[White "Hernando Rodrigo, JM."]
[Black "Lopez Santana, O."]
[Result "1/2-1/2"]
[WhiteElo "2393"]
[BlackElo "2272"]
[PlyCount "59"]
[EventDate "2013.??.??"]
[EventType "tourn"]
[EventRounds "11"]

1. d4 Nf6 2. Nf3 e6 3. c4 c5 4. Nc3 cxd4 5. Nxd4 Bb4 6. g3 O-O 7. Bg2 d5 8. Nc2
Bxc3+ 9. bxc3 Nc6 10. Ne3 Qa5 11. cxd5 exd5 12. O-O Be6 13. Bd2 Ne4 14. Be1
Nxc3 15. Nxd5 Nxd1 16. Bxa5 Nxa5 17. Rfxd1 Rfd8 18. Rac1 Kf8 19. Rc5 Nc6 20.
Rb1 Rd7 21. f4 Rad8 22. Nc3 Rd2 23. Bxc6 bxc6 24. a4 Bg4 25. Kf2 Re8 26. Re1
Rc2 27. Ne4 Ra2 28. Nc3 Rc2 29. Ne4 Ra2 30. Nc3 1/2-1/2

[Event "Ct. Catalunya eq DH"]
[Site "?"]
[Date "2013.04.06"]
[Round "10.7"]
[White "Ribera Baztan, J."]
[Black "Fernandez Madrid, C."]
[Result "1/2-1/2"]
[WhiteElo "2190"]
[BlackElo "2300"]
[PlyCount "50"]
[EventDate "2013.??.??"]
[EventType "tourn"]
[EventRounds "11"]

1. d4 Nf6 2. c4 c5 3. d5 b5 4. cxb5 a6 5. bxa6 Bxa6 6. Nc3 g6 7. e4 Bxf1 8.
Kxf1 d6 9. Nf3 Bg7 10. g3 O-O 11. Kg2 Nbd7 12. Re1 Qb6 13. e5 Nxe5 14. Nxe5
dxe5 15. Rxe5 Qb7 16. Qf3 e6 17. dxe6 Qxf3+ 18. Kxf3 fxe6 19. Kg2 Nd5 20. Re2
Nxc3 21. bxc3 Bxc3 22. Rb1 e5 23. Be3 Bd4 24. Rc1 Bxe3 25. fxe3 Ra5 1/2-1/2

[Event "Ct. Catalunya eq DH"]
[Site "?"]
[Date "2013.04.06"]
[Round "10.7"]
[White "Subirats Ruiz, S."]
[Black "Avila Jimenez, X."]
[Result "1-0"]
[WhiteElo "2253"]
[BlackElo "2336"]
[PlyCount "67"]
[EventDate "2013.??.??"]
[EventType "tourn"]
[EventRounds "11"]

1. e4 c6 2. d4 d5 3. Nd2 dxe4 4. Nxe4 Bf5 5. Ng3 Bg6 6. Bc4 e6 7. N1e2 Bd6 8.
O-O Qc7 9. f4 Ne7 10. Bd3 Nd7 11. f5 Bxf5 12. Bxf5 exf5 13. Nxf5 Nxf5 14. Rxf5
Bxh2+ 15. Kh1 Bd6 16. Qd3 O-O-O 17. Rxf7 Qa5 18. Rf3 Qe1+ 19. Ng1 Rhf8 20. Qc3
Qd1 21. b3 Rxf3 22. gxf3 Qf1 23. Bf4 Qxa1 24. Qxa1 Bxf4 25. Ne2 Bc7 26. Qg1 Re8
27. Nc3 Re7 28. Ne4 Rf7 29. Qg4 g6 30. Qe6 Rf8 31. Kg2 Kd8 32. c4 Re8 33. Qf7
h5 34. Qxg6 1-0

[Event "Ct. Catalunya eq DH"]
[Site "?"]
[Date "2013.04.06"]
[Round "10.8"]
[White "Degerhammar, T."]
[Black "Gomez Jurado, LA."]
[Result "0-1"]
[WhiteElo "2130"]
[BlackElo "2322"]
[PlyCount "58"]
[EventDate "2013.??.??"]
[EventType "tourn"]
[EventRounds "11"]

1. c4 c5 2. Nc3 Nc6 3. g3 g6 4. Bg2 Bg7 5. d3 e5 6. Nd5 d6 7. a3 a5 8. Rb1 Nge7
9. Bg5 h6 10. Bf6 O-O 11. e4 Bxf6 12. Nxf6+ Kg7 13. Nd5 Nxd5 14. exd5 Nd4 15.
Nf3 Re8 16. Nxd4 exd4+ 17. Kd2 Qf6 18. Qf1 Bg4 19. Re1 Bf3 20. Rg1 b5 21. Bxf3
Qxf3 22. Qg2 Qf6 23. Rxe8 Rxe8 24. Re1 Rxe1 25. Kxe1 bxc4 26. dxc4 Qf5 27. Kd2
Qb1 28. Qf3 Qxb2+ 29. Kd1 Qb1+ 0-1

[Event "Ct. Catalunya eq DH"]
[Site "?"]
[Date "2013.04.06"]
[Round "10.8"]
[White "Fernandez Serrano, P."]
[Black "Fernandez Lopez, J."]
[Result "0-1"]
[WhiteElo "2258"]
[BlackElo "2144"]
[PlyCount "138"]
[EventDate "2013.??.??"]
[EventType "tourn"]
[EventRounds "11"]

1. d4 d5 2. Bf4 Nf6 3. e3 c6 4. Nf3 Bg4 5. Be2 e6 6. O-O Bd6 7. Ne5 Bxe2 8.
Qxe2 Qc7 9. c4 Nbd7 10. Nxd7 Nxd7 11. Bxd6 Qxd6 12. e4 $6 dxe4 $15 13. Qxe4 Nf6
14. Qe5 Rd8 15. Qxd6 Rxd6 16. Rd1 O-O 17. Nc3 Rfd8 18. d5 $17 (18. Ne2 e5 (
18... c5 19. Rd3 cxd4 20. Rad1 e5 21. f4 Nd7 $15 (21... exf4 22. Nxf4 $11) (
21... e4 22. Rxd4 $15)) 19. Rd3 exd4 20. c5 Rd5 21. b4 Re8 22. Nxd4 Red8 23.
Rad1 b6 $15) 18... exd5 19. cxd5 Nxd5 20. Ne4 Re6 21. Nc5 Re7 22. b4 b6 23. Nb3
Rde8 24. a3 Nc3 25. Rf1 Re5 26. Nd4 Ne2+ 27. Nxe2 Rxe2 28. Rac1 R8e6 29. Rfd1
Kf8 30. Kf1 Ke7 31. Rxc6 Rxf2+ 32. Kxf2 Rxc6 $15 33. Rd3 Rd6 34. Rc3 Kd7 35.
Ke2 Rd5 36. Ke3 f5 37. Kf4 h6 $6 38. h4 g6 39. g3 (39. Rg3 Rd4+ 40. Ke5 Rd6 41.
b5 $11) 39... Kd6 40. Ke3 g5 41. hxg5 hxg5 42. Rc8 Ke6 43. Re8+ Kf7 44. Rh8 Rd7
$6 (44... Kg6 $17 45. Ra8 a5 46. Ra6 Kh5 47. Rxb6 Kg4) 45. Rh6 Re7+ 46. Kf2 Kg7
47. Rc6 g4 $11 48. Rd6 Rc7 49. Rd3 $2 Kf6 $19 50. Ke3 Ke5 51. Rb3 Rc4 (51...
Rc2) 52. Rd3 Re4+ 53. Kf2 f4 54. Rd7 f3 55. Rxa7 Re2+ 56. Kf1 Rg2 57. Rb7 Rxg3
58. Rxb6 Rg2 59. a4 Kf4 60. Rc6 Rb2 61. b5 Kg3 62. Rc1 Rh2 63. Ke1 Rh1+ 64. Kd2
Rxc1 65. Kxc1 f2 66. Kb2 f1=Q 67. Kc3 Qa1+ 68. Kb4 Kf3 69. b6 g3 0-1

[Event "Ct. Catalunya eq DH"]
[Site "?"]
[Date "2013.04.06"]
[Round "10.8"]
[White "Lopez Agustench, E."]
[Black "Anguera Maestro, J."]
[Result "1/2-1/2"]
[WhiteElo "2343"]
[BlackElo "2247"]
[PlyCount "55"]
[EventDate "2013.??.??"]
[EventType "tourn"]
[EventRounds "11"]

1. d4 d5 2. Nf3 Nf6 3. c4 c6 4. e3 Bf5 5. Nc3 e6 6. Nh4 Bg6 7. Nxg6 hxg6 8. a3
Bd6 9. g3 Nbd7 10. c5 Bc7 11. b4 e5 12. Bg2 e4 13. O-O Nh7 14. Bd2 f5 15. b5
Ndf6 16. bxc6 bxc6 17. Rb1 Ng5 18. h4 Ne6 19. f4 exf3 20. Qxf3 Ne4 21. Be1 Rb8
22. Rxb8 Qxb8 23. Nxe4 dxe4 24. Qf2 O-O 25. Qa2 Re8 26. Kh2 Qd8 27. Kh1 Qb8 28.
Kh2 1/2-1/2

[Event "Ct. Catalunya eq DH"]
[Site "?"]
[Date "2013.04.06"]
[Round "10.8"]
[White "Pinsach Gelabert, A."]
[Black "Villa Izquierdo, R."]
[Result "1-0"]
[WhiteElo "2178"]
[BlackElo "2234"]
[PlyCount "83"]
[EventDate "2013.??.??"]
[EventType "tourn"]
[EventRounds "11"]

1. e4 c5 2. Nf3 Nc6 3. d4 cxd4 4. Nxd4 d6 5. Nc3 Nf6 6. Bc4 g6 7. Be3 Bg7 8. f3
O-O 9. Qd2 Nxd4 10. Bxd4 Be6 11. Bxe6 fxe6 12. O-O-O Qa5 13. Kb1 b5 14. Nd5
Qxd2 15. Nxf6+ Bxf6 16. Rxd2 Bg5 17. Rd3 Rfc8 18. h4 Bf4 19. h5 g5 20. Rh3 Rc6
21. g3 Be5 22. Bxe5 dxe5 23. g4 Rd6 24. Kc1 Rxd3 25. cxd3 Kf7 26. Kd2 Ke8 27.
Rh1 Kd7 28. Rc1 Kd6 29. Ke3 a5 30. b3 Rb8 31. a3 Ra8 32. Rc2 Rb8 33. b4 a4 34.
Rc5 h6 35. Ke2 Rb6 36. Rc8 Rc6 37. Rxc6+ Kxc6 38. d4 exd4 39. f4 Kd6 40. fxg5
Ke5 41. gxh6 Kf6 42. e5+ 1-0

[Event "Ct. Catalunya eq DH"]
[Site "?"]
[Date "2013.04.06"]
[Round "10.8"]
[White "Rodriguez Vargas, O."]
[Black "Castellet Giralt, G."]
[Result "1/2-1/2"]
[WhiteElo "2408"]
[BlackElo "2285"]
[PlyCount "69"]
[EventDate "2013.??.??"]
[EventType "tourn"]
[EventRounds "11"]

1. c4 c5 2. Nc3 Nc6 3. Nf3 g6 4. e3 Nf6 5. d4 cxd4 6. exd4 d5 7. cxd5 Nxd5 8.
Qb3 Nxc3 9. Bc4 Nd5 10. Bxd5 e6 11. Be4 Bg7 12. Be3 O-O 13. O-O Na5 14. Qb4 f5
15. Bg5 Qb6 16. Qxb6 axb6 17. Bc2 Nc6 18. Rfd1 h6 19. Bf4 g5 20. Bc7 b5 21. Bb3
Na5 22. Bxa5 Rxa5 23. Rac1 Ra6 24. Rc5 Rd6 25. Rxb5 b6 26. Re1 g4 27. Ne5 Ba6
28. Rb4 Rfd8 29. h3 h5 30. Kh2 Bh6 31. Nc4 Rxd4 32. Rxe6 Bf8 33. Ra4 Bb5 34.
Nxb6 Bxa4 35. Nxa4 1/2-1/2

[Event "Ct. Catalunya eq DH"]
[Site "?"]
[Date "2013.04.06"]
[Round "10.9"]
[White "Bravo Barranco, N."]
[Black "Gonzalez Alonso, F."]
[Result "1-0"]
[WhiteElo "2332"]
[BlackElo "1995"]
[PlyCount "57"]
[EventDate "2013.??.??"]
[EventType "tourn"]
[EventRounds "11"]

1. e4 c5 2. Nf3 Nf6 3. e5 Nd5 4. Nc3 e6 5. g3 Nxc3 6. dxc3 d5 7. Bg2 Be7 8. h4
Bd7 9. Bf4 Nc6 10. Qe2 Qa5 11. a3 h6 12. O-O a6 13. Rfe1 Qc7 14. h5 b6 15. c4
d4 16. Nd2 Rb8 17. Ne4 Na7 18. g4 Bc6 19. Qd3 Bxe4 20. Bxe4 Nc6 21. Bg3 Rc8 22.
f4 Qd8 23. f5 O-O 24. Qf3 Nb8 25. Rf1 Bg5 26. Bd3 Be3+ 27. Kh2 Qc7 28. fxe6
fxe6 29. Qe4 1-0

[Event "Ct. Catalunya eq DH"]
[Site "?"]
[Date "2013.04.06"]
[Round "10.9"]
[White "Luna Cortes, L."]
[Black "Parals Marce, L."]
[Result "1-0"]
[WhiteElo "2246"]
[BlackElo "2126"]
[PlyCount "83"]
[EventDate "2013.??.??"]
[EventType "tourn"]
[EventRounds "11"]

1. b3 c5 2. Bb2 e6 3. g3 Nf6 4. Bg2 d5 5. Nf3 Nc6 6. O-O Be7 7. d3 O-O 8. Nbd2
d4 9. Nc4 Nd7 10. a4 Nb6 11. Nxb6 Qxb6 12. Nd2 Na5 13. e4 e5 14. f4 f6 15. Kh1
Bd7 16. Qh5 Qc7 17. f5 a6 18. g4 b5 19. Rf3 bxa4 20. Rh3 h6 21. Bc1 Rfb8 22.
bxa4 Bf8 23. Nf3 Be8 24. Qh4 Ra7 25. g5 fxg5 26. Bxg5 Rab7 27. Rg1 Bxa4 28. Bf1
Kh7 29. Qg3 Rb6 30. Bxh6 Kg8 31. Bd2 Rf6 32. Bxa5 Qxa5 33. Qxe5 Qd8 34. Qf4
Rbb6 35. Qh4 Qe8 36. Qh7+ Kf7 37. e5 Rh6 38. e6+ Kf6 39. Rxh6+ gxh6 40. Rg6+
Kxf5 41. Rxh6+ Kf4 42. Qe4# 1-0

[Event "Ct. Catalunya eq DH"]
[Site "?"]
[Date "2013.04.06"]
[Round "10.9"]
[White "Mateu Guiu, E."]
[Black "Aguilera Bonaque, J."]
[Result "1-0"]
[WhiteElo "2115"]
[BlackElo "2058"]
[PlyCount "47"]
[EventDate "2013.??.??"]
[EventType "tourn"]
[EventRounds "11"]

1. e4 c5 2. Nf3 Nc6 3. Bb5 Nf6 4. Qe2 e6 5. c3 Be7 6. O-O O-O 7. Rd1 d5 8. e5
Ne8 9. d4 Qb6 (9... Nc7 10. Bd3 c4 11. Bc2 b5) 10. Bd3 cxd4 11. cxd4 Nb4 12.
Nc3 Nxd3 13. Rxd3 Bd7 14. Qc2 Rc8 15. Bf4 a5 16. Rad1 g6 17. Bh6 Ng7 18. Qd2
Rfe8 19. Ng5 $14 Nf5 20. Rh3 Rc4 21. Nf3 Bf8 $4 (21... f6 22. Bf4 $16) 22. Bxf8
$18 Kxf8 23. g4 Ng7 24. Rxh7 1-0

[Event "Ct. Catalunya eq DH"]
[Site "?"]
[Date "2013.04.06"]
[Round "10.9"]
[White "Tallo Dominguez, I."]
[Black "Castillo Fernandez, C."]
[Result "1-0"]
[WhiteElo "2329"]
[BlackElo "2223"]
[PlyCount "81"]
[EventDate "2013.??.??"]
[EventType "tourn"]
[EventRounds "11"]

1. e4 Nc6 2. Nf3 d6 3. d4 Nf6 4. Nc3 d5 5. exd5 Nxd5 6. Nxd5 Qxd5 7. c4 Qd6 8.
d5 Ne5 9. Nd4 c6 10. Be2 g6 11. dxc6 bxc6 12. O-O Bg7 13. Be3 O-O 14. c5 Qd5
15. Qa4 Bd7 16. Rad1 Qe4 17. Bg5 Bf6 18. f3 Qd5 19. Be3 Be6 20. b3 Qd7 21. h3
Qc7 22. f4 Nd7 23. Nxe6 fxe6 24. Bg4 Rfd8 25. Bxe6+ Kh8 26. Bg4 Nf8 27. Rxd8
Rxd8 28. Rd1 h5 29. Rxd8 Qxd8 30. Be2 Qd7 31. Qe4 Kg7 32. Bf3 a5 33. Qxc6 Bd4
34. Qe4 Bxe3+ 35. Qxe3 Qa7 36. Kf2 Kf7 37. Bd5+ e6 38. Bc4 Qc7 39. a3 Qc6 40.
b4 Nd7 41. b5 1-0

[Event "Ct. Catalunya eq DH"]
[Site "?"]
[Date "2013.04.06"]
[Round "10.10"]
[White "Aalbersberg Kroon, P."]
[Black "Asensio Liñan, T."]
[Result "0-1"]
[WhiteElo "1982"]
[BlackElo "2275"]
[PlyCount "40"]
[EventDate "2013.??.??"]
[EventType "tourn"]
[EventRounds "11"]

1. e4 Nf6 2. e5 Nd5 3. Nc3 Nxc3 4. dxc3 d5 5. Bf4 c5 6. Nf3 Bg4 7. h3 Bh5 8.
Qd2 Bxf3 9. gxf3 e6 10. O-O-O Qa5 11. Kb1 b5 12. Rg1 Nc6 13. Qe2 c4 14. Bg5 Rb8
15. h4 b4 16. cxb4 Nxb4 17. a3 Nc6 18. Bc1 Bxa3 19. Qe3 Bxb2 20. Bxb2 c3 0-1